[Event "Olongapo City Puregold op-B"]
[Site "Olongapo City"]
[Date "2015.11.18"]
[Round "4"]
[White "Polao, Ben"]
[Black "Morsalim, Mohmin"]
[Result "1-0"]
[WhiteElo "2066"]
[BlackElo "1887"]
[PlyCount "51"]
[EventDate "2015.11.17"]
[EventType "swiss"]
[EventRounds "9"]
[EventCountry "PHI"]
[SourceTitle "EXT 2017"]
[Source "ChessBase"]
[SourceDate "2016.10.25"]
[SourceVersion "1"]
[SourceVersionDate "2016.10.25"]
[SourceQuality "1"]

1. e4 c5 2. Nf3 d6 3. d4 cxd4 4. Nxd4 Nf6 5. Nc3 a6 6. Be3 e6 7. f3 Nbd7 8. Qd2 b5 9. g4 h6 10. 0-0-0 Bb7 11. h4 b4 12. Na4 Qa5 13. b3 Nc5 14. a3 Nxa4 15. axb4 Qc7 16. bxa4 d5 17. e5 Nd7 18. f4 Nb6 19. Rh3 Nxa4 20. c4 dxc4 21. Qc2 Nb6 22. Nxe6 fxe6 23. Bxb6 Qxb6 24. Qg6+ Ke7 25. f5 Bd5 26. Rxd5 1-0

[Event "Olongapo City op-B"]
[Site "Olongapo City"]
[Date "2015.11.11"]
[Round "5"]
[White "Crisologo, Janin"]
[Black "Polao, Ben"]
[Result "0-1"]
[WhiteElo "1807"]
[BlackElo "2066"]
[PlyCount "63"]
[EventDate "2015.11.09"]
[EventType "swiss"]
[EventRounds "10"]
[EventCountry "PHI"]
[SourceTitle "EXT 2017"]
[Source "ChessBase"]
[SourceDate "2016.10.25"]
[SourceVersion "1"]
[SourceVersionDate "2016.10.25"]
[SourceQuality "1"]

1. Nf3 Nc6 2. d4 Nf6 3. g3 d5 4. Bg2 Bf5 5. 0-0 e6 6. c4 Nb4 7. Na3 c6 8. Bd2 Na6 9. Qb3 Qb6 10. Rfc1 Qxb3 11. axb3 Bb4 12. Bf4 Ne4 13. Nc2 Bd6 14. Ne5 f6 15. Bxe4 Bxe4 16. Nxc6 Bxf4 17. gxf4 dxc4 18. N6b4 Kd7 19. Nxa6 bxa6 20. Nb4 cxb3 21. Nxa6 Bc2 22. Nc5+ Kd6 23. Ra6+ Kd5 24. Nxe6 Rhc8 25. e3 Rc6 26. Nc5 Rxa6 27. Nxa6 Kc4 28. Nc5 a5 29. Ra1 Kb5 30. Kf1 a4 31. Ra3 Bg6 32. Nxb3 0-1

[Event "Asian Continental op 12th"]
[Site "Manila"]
[Date "2013.05.26"]
[Round "9"]
[White "Polao, Ben"]
[Black "Mohamad, Ervan"]
[Result "0-1"]
[WhiteElo "2083"]
[BlackElo "2162"]
[PlyCount "62"]
[EventDate "2013.05.18"]
[EventType "swiss"]
[EventRounds "9"]
[EventCountry "PHI"]
[SourceTitle "CBM 154 Extra"]
[Source "ChessBase"]
[SourceDate "2013.06.25"]
[SourceVersion "2"]
[SourceVersionDate "2013.06.25"]
[SourceQuality "1"]

1. e4 c5 2. Nc3 e6 3. f4 Nc6 4. Bb5 Nd4 5. Nf3 a6 6. Be2 Ne7 7. Nxd4 cxd4 8. Nb1 g6 9. d3 Bg7 10. Nd2 0-0 11. Nf3 f5 12. 0-0 b5 13. b3 fxe4 14. dxe4 d3 15. Qxd3 Bxa1 16. c3 b4 17. cxb4 Bg7 18. Be3 Bb7 19. Nd2 d5 20. e5 d4 21. Qxd4 Qxd4 22. Bxd4 Rfd8 23. Bc3 Nd5 24. Nb1 Nxc3 25. Nxc3 Rd2 26. Rc1 Rc8 27. Kf1 Bf8 28. a3 Kf7 29. g4 Rd4 30. f5 gxf5 31. gxf5 Rf4+ 0-1

[Event "Asia zt 3.3"]
[Site "Tagaytay City"]
[Date "2013.01.25"]
[Round "5"]
[White "Polao, Ben"]
[Black "Yu, Manny"]
[Result "0-1"]
[WhiteElo "2091"]
[BlackElo "2274"]
[PlyCount "102"]
[EventDate "2013.01.22"]
[EventType "swiss"]
[EventRounds "9"]
[EventCountry "PHI"]
[SourceTitle "CBM 152 Extra"]
[Source "ChessBase"]
[SourceDate "2013.02.25"]
[SourceVersion "1"]
[SourceVersionDate "2013.02.25"]
[SourceQuality "1"]

1. e4 e6 2. d4 d5 3. Nd2 dxe4 4. Nxe4 Nd7 5. Ng5 Ngf6 6. Bd3 h6 7. N5f3 c5 8. Ne2 a6 9. 0-0 b5 10. Nf4 Bd6 11. a4 Qc7 12. Nxe6 fxe6 13. Bg6+ Kf8 14. axb5 Kg8 15. bxa6 Rxa6 16. Qe2 Nf8 17. Rxa6 Bxa6 18. Bd3 c4 19. Be4 Nxe4 20. Qxe4 Bb7 21. Qg4 Bd5 22. Re1 Qf7 23. Ne5 Bxe5 24. dxe5 Qg6 25. Qxg6 Nxg6 26. f4 Nh4 27. Re2 Nxg2 28. Rxg2 Bxg2 29. Kxg2 Kf7 30. Kf3 Rd8 31. Ke4 Rd1 32. Be3 Rb1 33. Bd4 Re1+ 34. Kf3 Kg6 35. b3 cxb3 36. cxb3 Kf5 37. b4 Rb1 38. Bc5 Rb3+ 39. Ke2 h5 40. Kd2 Kxf4 41. Kc2 Ra3 42. Bd6 Ke4 43. b5 Ra5 44. b6 Rb5 45. Bc7 g5 46. Kc3 g4 47. Kc4 Rb1 48. Kc5 h4 49. Kd6 g3 50. hxg3 h3 51. Kxe6 h2 0-1

[Event "PHI National Games"]
[Site "Dumaguete City"]
[Date "2012.05.29"]
[Round "4"]
[White "Garcia, Jan Emmanuel"]
[Black "Polao, Ben"]
[Result "1-0"]
[WhiteElo "2399"]
[BlackElo "2094"]
[PlyCount "91"]
[EventDate "2012.05.27"]
[EventType "swiss"]
[EventRounds "7"]
[EventCountry "PHI"]
[SourceTitle "EXT 2013"]
[Source "ChessBase"]
[SourceDate "2012.11.22"]
[SourceVersion "1"]
[SourceVersionDate "2012.11.22"]
[SourceQuality "1"]

1. c4 e6 2. Nc3 b6 3. Nf3 Bb7 4. e4 Bb4 5. Qc2 Nf6 6. e5 Ng4 7. d4 c5 8. a3 cxd4 9. axb4 dxc3 10. Qxc3 f6 11. Be2 0-0 12. 0-0 Qc7 13. Bf4 Nc6 14. Bg3 Ncxe5 15. Nd4 Nh6 16. f4 Nef7 17. f5 e5 18. Nb5 Qb8 19. Qc2 a6 20. Nc3 Nd6 21. Qd3 Qc7 22. Rad1 Nhf7 23. Nd5 Bxd5 24. Qxd5 Qc6 25. Qd3 Rac8 26. b3 a5 27. b5 Qc7 28. Bf2 Rfd8 29. Rc1 Nb7 30. Bf3 Nc5 31. Qc2 Kh8 32. Bd5 Nh6 33. Bf3 d6 34. Rcd1 Qe7 35. Bd5 Ng4 36. Qc3 Nxf2 37. Rxf2 e4 38. Re1 Qe5 39. Qh3 Nd3 40. Rxe4 Qxe4 41. Bxe4 Nxf2 42. Kxf2 Re8 43. Qe3 Rc5 44. Qd4 Rd8 45. Bd5 h6 46. Qe3 1-0

[Event "Tagaytay City zt 3.3"]
[Site "Tagaytay City"]
[Date "2011.05.25"]
[Round "2"]
[White "Polao, Ben"]
[Black "Olay, Edgar Reggie"]
[Result "0-1"]
[WhiteElo "2074"]
[BlackElo "2343"]
[PlyCount "64"]
[EventDate "2011.05.24"]
[EventType "swiss"]
[EventRounds "9"]
[EventCountry "PHI"]
[SourceTitle "EXT 2012"]
[Source "ChessBase"]
[SourceDate "2011.11.24"]
[SourceVersion "1"]
[SourceVersionDate "2011.11.24"]
[SourceQuality "1"]

1. e4 e6 2. d4 d5 3. Nd2 c5 4. Ngf3 Nc6 5. Bb5 Bd6 6. 0-0 Nge7 7. e5 Bc7 8. dxc5 Bd7 9. Bxc6 Nxc6 10. Re1 g5 11. Nb3 g4 12. Bg5 Qb8 13. Bf6 Rg8 14. Nfd4 Nxe5 15. Nf5 Rg6 16. Bxe5 Bxe5 17. Rxe5 Qxe5 18. Nd6+ Kf8 19. Nxb7 Rh6 20. g3 Qh5 21. h4 gxh3 22. Qxh5 Rxh5 23. Kh2 Rc8 24. Re1 Rc7 25. N7a5 e5 26. Rd1 d4 27. f4 Bg4 28. Rd2 e4 29. Rxd4 e3 30. Nc4 e2 31. Re4 Re7 32. Ne5 f6 0-1

[Event "Manila Campomanes Memorial op"]
[Site "Manila"]
[Date "2010.08.31"]
[Round "5"]
[White "Halay, Taufik"]
[Black "Polao, Ben"]
[Result "1-0"]
[WhiteElo "2358"]
[BlackElo "2063"]
[PlyCount "75"]
[EventDate "2010.08.28"]
[EventType "swiss"]
[EventRounds "9"]
[EventCountry "PHI"]
[SourceTitle "CBM 138 Extra"]
[Source "ChessBase"]
[SourceDate "2010.10.29"]
[SourceVersion "1"]
[SourceVersionDate "2010.10.29"]
[SourceQuality "1"]

1. d4 d5 2. c4 c6 3. Nc3 Nf6 4. Nf3 e6 5. e3 Nbd7 6. Bd3 Bd6 7. e4 dxc4 8. Bxc4 Bb4 9. e5 Nd5 10. Bd2 N7b6 11. Bd3 c5 12. Ne4 cxd4 13. Bxb4 Nxb4 14. Nd6+ Kf8 15. Qd2 Nxd3+ 16. Qxd3 g6 17. 0-0 Kg7 18. Qxd4 Nd5 19. Rad1 Qe7 20. h4 Bd7 21. Rfe1 Bc6 22. Qg4 h5 23. Qg3 Rhf8 24. Ng5 f6 25. exf6+ Rxf6 26. Qe5 Nf4 27. Nde4 Re8 28. f3 Bxe4 29. Nxe4 Nd5 30. Nxf6 Nxf6 31. Rc1 Qb4 32. Rc7+ Kg8 33. Qg3 Kf8 34. Kh1 Re7 35. Rxe7 Kxe7 36. b3 Nd5 37. Re4 Kf7 38. Rxb4 1-0

[Event "Manila Campomanes Memorial op"]
[Site "Manila"]
[Date "2010.08.28"]
[Round "1"]
[White "Yap, Kim Steven"]
[Black "Polao, Ben"]
[Result "1-0"]
[WhiteElo "2394"]
[BlackElo "2063"]
[PlyCount "75"]
[EventDate "2010.08.28"]
[EventType "swiss"]
[EventRounds "9"]
[EventCountry "PHI"]
[SourceTitle "CBM 138 Extra"]
[Source "ChessBase"]
[SourceDate "2010.10.29"]
[SourceVersion "1"]
[SourceVersionDate "2010.10.29"]
[SourceQuality "1"]

1. e4 c5 2. Nf3 d6 3. b3 Nf6 4. Bb5+ Bd7 5. Bxd7+ Nbxd7 6. Qe2 e6 7. Bb2 Be7 8. 0-0 0-0 9. c4 Nh5 10. g3 Bf6 11. Nc3 g6 12. Rfd1 Ne5 13. Rac1 Nxf3+ 14. Qxf3 Bd4 15. Rc2 f5 16. Nb5 Bxb2 17. Rxb2 a6 18. Nc3 fxe4 19. Qxe4 Qf6 20. d4 b5 21. cxb5 d5 22. Qe3 axb5 23. Nxb5 Rab8 24. a4 Ng7 25. Re2 cxd4 26. Qxd4 Qf3 27. Qe3 Qh5 28. f4 Rfe8 29. Qe5 Qf3 30. Nd4 Qc3 31. Rc2 Qb4 32. Rc7 Qf8 33. Rdc1 Rbc8 34. a5 Rxc7 35. Rxc7 Re7 36. a6 Rxc7 37. Qxc7 Qb4 38. Qc8+ 1-0

[Event "Manila Pichay Cup 6th"]
[Site "Manila"]
[Date "2010.08.25"]
[Round "7"]
[White "Polao, Ben"]
[Black "Gatus, Edmundo"]
[Result "1-0"]
[WhiteElo "2063"]
[BlackElo "2265"]
[PlyCount "67"]
[EventDate "2010.08.21"]
[EventType "swiss"]
[EventRounds "9"]
[EventCountry "PHI"]
[SourceTitle "CBM 138 Extra"]
[Source "ChessBase"]
[SourceDate "2010.10.29"]
[SourceVersion "1"]
[SourceVersionDate "2010.10.29"]
[SourceQuality "1"]

1. e4 e5 2. Bc4 Nc6 3. d3 Nf6 4. c3 Be7 5. Nd2 d6 6. Ne2 0-0 7. 0-0 a6 8. Bb3 Na5 9. Bc2 c5 10. f4 b5 11. Nf3 Nc6 12. Kh1 Bg4 13. h3 Bxf3 14. Rxf3 Qc7 15. f5 h6 16. g4 Nh7 17. Qe1 Qd8 18. Qg3 Bh4 19. Qg2 Ng5 20. Rf1 Ra7 21. Be3 Rd7 22. f6 gxf6 23. Bf2 Bxf2 24. Rxf2 Nh7 25. Ng3 Ne7 26. Nh5 Ng6 27. Raf1 Re8 28. Qg3 Qe7 29. Qe3 Nf4 30. Nxf4 exf4 31. Qxf4 Qf8 32. d4 cxd4 33. e5 d3 34. Bxd3 1-0

[Event "Manila Pichay Cup 6th"]
[Site "Manila"]
[Date "2010.08.25"]
[Round "8"]
[White "Segarra, Randy"]
[Black "Polao, Ben"]
[Result "1-0"]
[WhiteElo "2308"]
[BlackElo "2063"]
[PlyCount "81"]
[EventDate "2010.08.21"]
[EventType "swiss"]
[EventRounds "9"]
[EventCountry "PHI"]
[SourceTitle "CBM 138 Extra"]
[Source "ChessBase"]
[SourceDate "2010.10.29"]
[SourceVersion "1"]
[SourceVersionDate "2010.10.29"]
[SourceQuality "1"]

1. e4 c5 2. Nf3 d6 3. d4 cxd4 4. Nxd4 Nf6 5. Nc3 a6 6. h3 e6 7. g4 b5 8. Bg2 Bb7 9. g5 Nfd7 10. 0-0 Be7 11. f4 b4 12. Nce2 Nc6 13. h4 Nc5 14. f5 Nxd4 15. Qxd4 e5 16. Qe3 f6 17. a3 bxa3 18. Rxa3 Rb8 19. Ng3 0-0 20. g6 Nd7 21. Qe2 Re8 22. Nh5 hxg6 23. fxg6 Nf8 24. Nxg7 Kxg7 25. Qh5 Qc7 26. Bh6+ Kg8 27. Rc3 Bc6 28. Rxc6 Qa7+ 29. Kh2 Rec8 30. Rxc8 Rxc8 31. Qg4 Qd7 32. Qxd7 Nxd7 33. Bh3 Rxc2+ 34. Kh1 Bf8 35. g7 Bxg7 36. Rg1 Nc5 37. Rxg7+ Kh8 38. Bf5 Rxb2 39. Re7 Rb8 40. Bg7+ Kg8 41. h5 1-0

[Event "Manila Pichay Cup 6th"]
[Site "Manila"]
[Date "2010.08.22"]
[Round "3"]
[White "Polao, Ben"]
[Black "Garma, Chito"]
[Result "1-0"]
[WhiteElo "2063"]
[BlackElo "2341"]
[PlyCount "89"]
[EventDate "2010.08.21"]
[EventType "swiss"]
[EventRounds "9"]
[EventCountry "PHI"]
[SourceTitle "CBM 138 Extra"]
[Source "ChessBase"]
[SourceDate "2010.10.29"]
[SourceVersion "1"]
[SourceVersionDate "2010.10.29"]
[SourceQuality "1"]

1. e4 c5 2. Nf3 Nc6 3. Bb5 d6 4. Bxc6+ bxc6 5. h3 e5 6. 0-0 f5 7. Re1 f4 8. c3 g5 9. d4 cxd4 10. cxd4 Qf6 11. b3 Nh6 12. Qc2 Bd7 13. dxe5 dxe5 14. Bb2 Bd6 15. Nbd2 g4 16. hxg4 Nxg4 17. Nc4 Rg8 18. Rad1 Bc7 19. Rxd7 Kxd7 20. Rd1+ Ke6 21. Ncxe5 Nxe5 22. Nxe5 Bxe5 23. Qc4+ Ke7 24. Ba3+ Bd6 25. Bxd6+ Qxd6 26. Rxd6 Kxd6 27. Qd4+ Ke6 28. e5 Raf8 29. Qd6+ Kf5 30. f3 Rf7 31. e6 Rfg7 32. g4+ fxg3 33. e7 Rg6 34. Qd8 Kf4 35. e8Q Rxe8 36. Qxe8 Kxf3 37. Qf7+ Kg4 38. Qxh7 Rg5 39. Kg2 a5 40. Qe4+ Kh5 41. Qxc6 Kg4 42. a3 Kf4 43. b4 axb4 44. axb4 Kg4 45. b5 1-0